Six Letter Geography - W - Statistics

General Stats
  • This quiz has been taken 16 times
  • The average score is 5 of 10
Answer Stats
Hint Answer % Correct
Capital city of Poland Warsaw
100%
The first of the four seasons Winter
94%
China produces the most of this nut {Walnut}s
88%
The name of a French territory {Wallis} and Futuna
75%
Ocean outside of country territory International {Waters}
69%
Common animal in the Arctic Walrus
69%
Burrowing Australian marsupial Wombat
50%
Shifting, winding path of a river Wander
0%
Rock formations with V cracks Wedges
0%
Island chain near Austria Wessel
0%
No matching quizzes found
Score Distribution
Percent of People with Each Score
Percentile by Number Answered
Your Score History
You have not taken this quiz